| 000 | 00592nam a2200229Ia 4500 | ||
|---|---|---|---|
| 003 | OSt | ||
| 005 | 20220923230637.0 | ||
| 006 | a|||||r|||| 00| 0 | ||
| 007 | ta | ||
| 008 | Pun | ||
| 024 | _a287,091 | ||
| 037 | _cTextual | ||
| 040 |
_aARTS _cARTS _bPun |
||
| 041 |
_2Pun _aPun |
||
| 082 | _aU8.2'N7, 153M2 | ||
| 100 | _aਸਿੰਘ, ਪਿਆਰਾ | ||
| 245 | 0 | _aਸੈਲਾਨੀ ਦੀ ਦੇਸ ਯਾਤ੍ਰਾ | |
| 260 | _c1982 | ||
| 300 |
_a122ਪ੍ਰ0 _ccm. |
||
| 942 |
_hU8.2'N7, 153M2 _cTEXL _2CC |
||
| 999 |
_c386237 _d386237 |
||